000 00636cam a22002293a 4500
001 3769
003 PGUSA
005 20140828083038.0
008 030201s2003||||xxu|||||s|||||000 | eng d
040 _aPGUSA
_beng
042 _adc
050 4 _aPR
100 1 _aSmith, James,
_d1775-1839
245 1 0 _aRejected Addresses; Or, The New Theatrum Poetarum
_h[electronic resource] /
_cJames Smith
260 _bProject Gutenberg,
_c2003
506 _aPublic domain in the USA.
516 _aElectronic text
653 _aParodies
830 0 _aProject Gutenberg
_v3769
856 4 0 _uhttp://www.gutenberg.org/ebooks/3769
942 _cEB
999 _c233098
_d233098